01279nam a2200157 a 4500008004100000020001800041041000800059100001900067245005000086250004300136260003500179300002200214500008800236505078600324655001101110161215t2015 ag |||g |||| 00| f spa d a9789504948629 aspa1 aMaas, Sarah J. 4aUna corte de rosas y espinas /cSarah J. Maas a1a ed.bTraducción Márgar Averbach aBuenos Aires:bPlaneta;c2015. a456 p.c23x15 cm. aMaas, S. J. (2015). Una corte de rosas y espinas. (1a ed.). Buenos Aires : Planeta. aLentamente, como dándome tiempo para alejarme, rozó sus labios contra mi mejilla. Tierno, cálido y desoladoramente gentil. Me obsequió poco menos que una caricia antes de regresar a su habitual rigidez. Hubiera permanecido inmóvil desde el momento en el que su boca erizó mi piel. "Algún día...algún día podré responder a todas tus preguntas", dijo, soltándome la mano y alejándose de mí. "Pero no podré hacerlo hasta llegado el momento correcto. Hasta que estemos a salvo." En la oscuridad, el tono de su voz indicaba que sus ojos rebosaban de amargura. Cuando se fue, exhalé una bocanada, y recién ahí descubrí que había estado aguantando la respiración. Tras su partida descubrí que deseaba con todo mi ser su calidez, su cercanía.  aNovela